[Event "Angers op 8th"]
[Site "Angers"]
[Date "2013.05.05"]
[Round "6"]
[White "Kolendowicz, Udo"]
[Black "Quintela, Francis"]
[Result "1-0"]
[WhiteElo "1318"]
[BlackElo "1551"]
[PlyCount "37"]
[EventDate "2013.05.03"]
[EventType "swiss"]
[EventRounds "6"]
[EventCountry "FRA"]
[SourceTitle "CBM 154 Extra"]
[Source "ChessBase"]
[SourceDate "2013.06.25"]
[SourceVersion "2"]
[SourceVersionDate "2013.06.25"]
[SourceQuality "1"]

1. e4 e5 2. f4 Nf6 3. fxe5 Nxe4 4. Nf3 d6 5. d3 Nc5 6. d4 Ne6 7. d5 Nc5 8. Bb5+ Bd7 9. Qe2 Be7 10. 0-0 0-0 11. b4 Bxb5 12. Qxb5 a6 13. Qe2 Ncd7 14. e6 Nf6 15. Nc3 c6 16. Be3 cxd5 17. exf7+ Rxf7 18. Ng5 Rf8 19. Ne6 1-0